000
00312nam a2200133Ia 4500
100
_a
Cooke/William
942
_c
BK
654
_a
Quantitative
245
_a
Quantitative methods for management decisions
260
_b
McGraw Hill
_a
New York
_c
1985
082
_a
658.403
_b
COO
300
_a
686
546
_a
FRENCH
999
_c
27972
_d
27972